| 000 | 00627nam a2200205Ia 4500 | ||
|---|---|---|---|
| 003 | GCL | ||
| 008 | 140319s9999 xx 000 0 ara d | ||
| 040 |
_aGCL / _cGCL |
||
| 082 | 0 | 4 |
_a810.963 _bح ت |
| 100 | 1 | _aحسن احمد النوش | |
| 245 | 1 | 0 |
_aالتصوير الفنى للحياة الاجتماعية فى الشعر الاندلسى / _cحسن احمد النوش |
| 260 |
_a[S.N] : _bدار الجيل ، _c1992 |
||
| 300 | _a512 ص | ||
| 490 | _a | ||
| 650 | 0 | 4 | _aالشعر العربى |
| 650 | 0 | 4 | _aالادب العربى |
| 650 | 0 | 4 | _aالادب |
| 650 | 0 | 4 | _aتاريخ ونقد |
| 942 |
_2ddc _cBK |
||
| 999 |
_c36012 _d36012 |
||